Countries by Four Letter Block - Statistics

General Stats
  • This quiz has been taken 72 times
  • The average score is 14 of 20
Answer Stats
hint country % Correct
hung Hungary
98%
many Germany
95%
srae Israel
93%
ulga Bulgaria
91%
wand Rwanda
91%
nama Panama
90%
krai Ukraine
88%
name Suriname
86%
gent Argentina
81%
bout Djibouti
76%
ivoi Côte d'Ivoire
67%
rune Brunei
66%
love Slovenia
64%
pine Philippines
59%
etna Vietnam
57%
bano Lebanon
47%
rita Mauritania
45%
done Indonesia
43%
cara Nicaragua
36%
rela Ireland
34%
No matching quizzes found
Score Distribution
Percent of People with Each Score
Percentile by Number Answered
Your Score History
You have not taken this quiz